000 00316nam a22001337a 4500
020 _a978-81-8477-493-1
082 _a570
_bBAS/M
100 _aBIMAN BASU
245 _aMASTERING SCIENCE
_bCLASS VIII
260 _aDELHI
_bSCHOLASTIC INDIA
_c2011
300 _a247
650 _aSCIENCE FOR CLASS VIII
_zINDIA
942 _cBK
999 _c955
_d955